Rightmove house price index (Record no. 106483)

MARC details
000 -LEADER
fixed length control field 01438cam a2200229 4500
001 - CONTROL NUMBER
control field L136710
008 - FIXED-LENGTH DATA ELEMENTS--GENERAL INFORMATION
fixed length control field 070219n2007 000 0 eng u
035 ## - SYSTEM CONTROL NUMBER
System control number (Sirsi) u136710
041 0# - LANGUAGE CODE
Language code of text/sound track or separate title eng
050 ## - LIBRARY OF CONGRESS CALL NUMBER
Classification number 333.33 $2 18
110 2# - MAIN ENTRY--CORPORATE NAME
Corporate name or jurisdiction name as entry element Rightmove
245 00 - TITLE STATEMENT
Title Rightmove house price index
Remainder of title February 2007
Medium [electronic resource]
260 ## - PUBLICATION, DISTRIBUTION, ETC.
Place of publication, distribution, etc. London
Name of publisher, distributor, etc. Rightmove
Date of publication, distribution, etc. 2007
490 00 - SERIES STATEMENT
Series statement Rightmove House Price Index
Volume/sequential designation February 2007
520 ## - SUMMARY, ETC.
Summary, etc. Shows that annual asking price inflation has dropped by 2%, which is the sharpest fall for 18 months. 143 000 newly marketed properties have increased in price by just 0.9%, by far the lowest February figure for the last five years. Estate agents continue to report good levels of sales activity, and data shows average property for sale per estate agency branch at a three year low for this time of year. This, in conjunction with a speeding up of stock turnover since the New Year, has led to a fall in time on the market, from 88 to 78 days. The contrary statistics point to the shock January interest rate rise knocking sellers' traditional New Year optimism.
590 ## - LOCAL NOTE (RLIN)
Local note KA NTK
650 24 - SUBJECT ADDED ENTRY--TOPICAL TERM
Topical term or geographic name entry element RIGHTMOVE HOUSE PRICE INDEX
651 #4 - SUBJECT ADDED ENTRY--GEOGRAPHIC NAME
Geographic name United Kingdom
Chronological subdivision
690 ## - LOCAL SUBJECT ADDED ENTRY--TOPICAL TERM (OCLC, RLIN)
Topical term or geographic name as entry element PROPERTY-RESIDENTIAL PROPERTY-RESIDENTIAL PROPERTY MARKET
856 40 - ELECTRONIC LOCATION AND ACCESS
Uniform Resource Identifier <a href="https://www.rightmove.co.uk/template/publicsite%2Caboutus%2CRTPRArchive.vm">https://www.rightmove.co.uk/template/publicsite%2Caboutus%2CRTPRArchive.vm</a>
Public note View the index free of charge at www.rightmove.co.uk...
942 ## - ADDED ENTRY ELEMENTS (KOHA)
Suppress in OPAC 0
Holdings
Withdrawn status Lost status Source of classification or shelving scheme Damaged status Not for loan Home library Current library Shelving location Date acquired Total Checkouts Full call number Barcode Date last seen Copy number Price effective from Koha item type
    Dewey Decimal Classification     Virtual Virtual Online 19/02/2007   ONLINE PUBLICATION 136710-1001 06/08/2019 1 06/08/2019 Book